Capitales d'Asie (AVEC CARTE) - Quiz - Statistiques

Statistiques générales
  • Ce quiz a été pris 4 125 fois
  • Le résultat moyen est 33 sur 48
Réponses sur la Carte
Les réponses sont colorées sur une échelle allant du rouge au vert en fonction du pourcentage des utilisateurs qui les ont devinées à leur premier essai. Vous pouvez retrouver ces pourcentages ci-dessous.
 
Statistiques - réponses
Pays Capitales % Correct
Japon Tokyo
95%
Chine Pékin
94%
Corée du Sud Séoul
93%
Inde New Delhi
92%
Turquie Ankara
90%
Israël Jérusalem / Tel Aviv
87%
Singapour Singapour
85%
Corée du Nord Pyongyang
84%
Émirats arabes unis Abou Dabi
81%
Thaïlande Bangkok
81%
Indonésie Jakarta
81%
Irak Bagdad
79%
Philippines Manille
79%
Arabie Saoudite Riyad
79%
Iran Téhéran
79%
Liban Beyrouth
76%
Qatar Doha
76%
Mongolie Oulan-Bator
76%
Taïwan Taipei
76%
Viêt Nam HanoÏ
75%
Chypre Nicosie
74%
Syrie Damas
72%
Afghanistan Kaboul
70%
Malaisie Kuala Lumpur
69%
Pakistan Islamabad
67%
Bangladesh Dacca
66%
Azerbaïdjan Bakou
65%
Arménie Erevan
65%
Géorgie Tbilissi
65%
Kazakhstan Astana / Noursoultan
63%
Sri Lanka Colombo / Sri Jayawardenapura Kotte
63%
Népal Katmandou
63%
Cambodge Phnom Penh
63%
Jordanie Amman
61%
Yémen Sanaa
61%
Laos Vientiane
59%
Maldives Malé
57%
Oman Mascate
55%
Timor oriental Dili
51%
Ouzbékistan Tachkent
50%
Kirghizistan Bichkek
49%
Bahreïn Manama
49%
Turkménistan Achgabat
44%
Bhoutan Thimphou
44%
Tadjikistan Douchanbé
43%
Koweït Koweït City
43%
Birmanie Naypyidaw
41%
Brunei Bandar Seri Begawan
40%
Aucun quiz correspondant
Distribution des résultats
% des personnes avec chaque résultat
Percentile par nombre de réponses
Votre historique - résultats
Vous n’avez pas pris ce quiz